Comentarios del Centro de Estudios Educativos, A. C. a los aspectos del V informe presidencial del Lic. José López Portillo que se relacionan con la educación del país / (Record no. 8715)

MARC details
000 -CABECERA
campo de control de longitud fija 00677nam a2200181 a 4500
005 - FECHA Y HORA DE LA ÚLTIMA TRANSACCIÓN
campo de control 20240924064134.0
008 - ELEMENTOS DE LONGITUD FIJA--INFORMACIÓN GENERAL
campo de control de longitud fija 991125s1981 mx 000 0 spa u
035 ## - NÚMERO DE CONTROL DEL SISTEMA
Número de control de sistema UPN01000008715
049 ## - COLECCIÓN
Colección F
050 #4 - SIGNATURA TOPOGRÁFICA DE LA BIBLIOTECA DEL CONGRESO
Número de clasificación LA422
Número de documento/Ítem C6.4
245 00 - MENCIÓN DE TÍTULO
Título Comentarios del Centro de Estudios Educativos, A. C. a los aspectos del V informe presidencial del Lic. José López Portillo que se relacionan con la educación del país /
Mención de responsabilidad, etc. Carlos Muñoz Izquierdo ... [et al.].
260 ## - PUBLICACIÓN, DISTRIBUCIÓN, ETC.
Lugar de publicación, distribución, etc. México :
Nombre del editor, distribuidor, etc. CEE,
Fecha de publicación, distribución, etc. 1981.
300 ## - DESCRIPCIÓN FÍSICA
Extensión 19 h.
500 ## - NOTA GENERAL
Nota general Hojas sueltas mecanografiadas
650 #4 - ASIENTO SECUNDARIO DE MATERIA - TERMINO TEMATICO
Término de materia o nombre geográfico como elemento de entrada Educación
Subdivisión geográfica México
9 (RLIN) 5405
700 1# - ASIENTO SECUNDARIO--NOMBRE DE PERSONAL
Nombre de persona Muñoz Izquierdo, Carlos,
Fechas asociadas al nombre 1937-
Término indicativo de función/relación coaut.
9 (RLIN) 29402
905 ## - TIPO DE MATERIAL
Tipo de material Libro
Holdings
Estado de retiro Estado de pérdida Fuente del sistema de clasificación o colocación Estado dañado No para préstamo Código de colección Localización permanente Ubicación/localización actual Ubicación en estantería Fecha de adquisición Clasificación Código de barras Fecha visto por última vez Número de copia Tipo de ítem Koha
    Library of Congress Classification   Disponible (Préstamo en sala) Folletería Bib. Gregorio Torres Quintero Bib. Gregorio Torres Quintero Colecciones especiales Planta alta 03/05/2023 LA422 C6.4 13872 31/12/2020 1 Folleto